[Event "ACUA - Final 2016 Ciegos - Copa Jorge Fr"]
[Site "Malvinas Argentinas, Buenos Ai"]
[Date "2016.12.13"]
[Round "1.1"]
[White "Morelli, Daniel"]
[Black "Montenegro, Juan Carlos"]
[Result "0-1"]
[WhiteElo "1780"]
[BlackElo "2043"]
[PlyCount "120"]
[EventDate "2016.12.13"]

1. e4 g6 2. d4 Bg7 3. Nf3 d6 4. Bc4 Nf6 5. Nbd2 O-O 6. O-O a6 7. c3 b5 8. Bb3
Bb7 9. Re1 e5 10. dxe5 dxe5 11. Bc2 Nbd7 12. Nf1 Qe7 13. Ng3 Rad8 14. Qe2 Nc5
15. b4 Ncd7 16. Bg5 h6 17. Be3 Ng4 18. h3 Nxe3 19. Qxe3 Nb6 20. Bb3 Rd6 21.
Rad1 Rfd8 22. Nh2 Rxd1 23. Rxd1 Rxd1+ 24. Bxd1 Nc4 25. Qc1 Qd6 26. Nf3 Qe7 27.
Nh2 Nd6 28. Bc2 Qh4 29. Nf3 Qf4 30. Qe3 Qxe3 31. fxe3 h5 32. h4 Kf8 33. Kf2 Ke7
34. Ke2 f6 35. Nd2 Bc8 36. Kd3 Bh6 37. c4 bxc4+ 38. Nxc4 Nxc4 39. Kxc4 Bxe3 40.
b5 axb5+ 41. Kxb5 Bf2 42. Ne2 Bxh4 43. a4 Bd7+ 44. Kb4 Be1+ 45. Nc3 c5+ 46. Kb3
Bxc3 47. Kxc3 Kd6 48. Kc4 Kc6 49. a5 Be6+ 50. Kc3 Kb5 51. Bd3+ Kxa5 52. Bc4
Bxc4 53. Kxc4 Kb6 54. Kd5 Kb5 55. Ke6 c4 56. Kxf6 c3 57. Kxg6 c2 58. Kxh5 c1=Q
59. g4 Qh1+ 60. Kg6 Qxe4+ 0-1

[Event "ACUA - Final 2016 Ciegos - Copa Jorge Fr"]
[Site "Malvinas Argentinas, Buenos Ai"]
[Date "2016.12.13"]
[Round "1.2"]
[White "Lopez, Jose Luis"]
[Black "Saponara, Jose Maria"]
[Result "1-0"]
[WhiteElo "2119"]
[BlackElo "2062"]
[PlyCount "89"]
[EventDate "2016.12.13"]

1. Nf3 d5 2. g3 Nf6 3. Bg2 Nc6 4. O-O Bg4 5. d3 Qd7 6. Re1 e5 7. c3 Be7 8. Nbd2
Rd8 9. b4 a6 10. a4 O-O 11. b5 Nb8 12. Nxe5 Qc8 13. Nxg4 Qxg4 14. e4 Qxd1 15.
Rxd1 dxe4 16. Nxe4 Nxe4 17. Bxe4 c6 18. bxc6 Nxc6 19. Rb1 Bf6 20. Rxb7 Na5 21.
Rb6 Bxc3 22. Rxa6 f5 23. Bc6 Nxc6 24. Rxc6 Bb4 25. Bb2 Rfe8 26. Rc7 Bf8 27. Kf1
Rd5 28. Bc3 Ra8 29. a5 Rc5 30. Rxc5 Bxc5 31. d4 Bd6 32. Ra1 Ra6 33. Ke2 Kf7 34.
d5 g6 35. Kd3 Ke8 36. Kc4 Kd7 37. Kb5 Ra8 38. a6 Rb8+ 39. Kc4 Ra8 40. a7 Kc8
41. Bb4 Be5 42. Re1 Bc7 43. Re8+ Bd8 44. Ba5 Kb7 45. Rxd8 1-0

[Event "ACUA - Final 2016 Ciegos - Copa Jorge Fr"]
[Site "Malvinas Argentinas, Buenos Ai"]
[Date "2016.12.13"]
[Round "1.3"]
[White "Carballo, Jorge"]
[Black "Perrone, Gabriel"]
[Result "1-0"]
[WhiteElo "1924"]
[BlackElo "1814"]
[PlyCount "83"]
[EventDate "2016.12.13"]

1. d4 Nf6 2. Nf3 g6 3. c4 Bg7 4. Nc3 O-O 5. e4 d6 6. Be2 c5 7. dxc5 dxc5 8.
Qxd8 Rxd8 9. Bg5 Nbd7 10. e5 Ng4 11. Bxe7 Re8 12. Nd5 Ngxe5 13. Nxe5 Bxe5 14.
O-O-O Nb6 15. Nf6+ Bxf6 16. Bxf6 Nd7 17. Rxd7 Bxd7 18. Bf3 Bc6 19. Bxc6 bxc6
20. Rd1 h6 21. Rd7 Re6 22. Be7 Re4 23. b3 Re8 24. Bxc5 Re1+ 25. Kb2 a5 26. Bb6
R1e2+ 27. Ka3 a4 28. bxa4 Rc8 29. a5 c5 30. a6 Ree8 31. a7 Ra8 32. Ka4 Rec8 33.
Kb5 Kf8 34. Ka6 Ke8 35. Rd5 Rc6 36. Kb7 Rcc8 37. Rd8+ Rxd8 38. Bxd8 Rxd8 39.
a8=Q Rxa8 40. Kxa8 Kd7 41. Kb7 Kd6 42. a4 1-0

[Event "ACUA - Final 2016 Ciegos - Copa Jorge Fr"]
[Site "Malvinas Argentinas, Buenos Ai"]
[Date "2016.12.13"]
[Round "1.4"]
[White "Murolo, Antonio"]
[Black "Ortiz, Marcos"]
[Result "0-1"]
[WhiteElo "1837"]
[BlackElo "1687"]
[PlyCount "47"]
[EventDate "2016.12.13"]

1. d4 Nf6 2. Bf4 g6 3. e3 Bg7 4. Nf3 O-O 5. Be2 d6 6. h3 c5 7. c3 Bf5 8. O-O
Nc6 9. Nbd2 Re8 10. Bb5 Rc8 11. Qb3 Be6 12. Bc4 Bxc4 13. Nxc4 cxd4 14. exd4 b6
15. Rfe1 h6 16. Qd1 b5 17. Na3 a6 18. Nc2 Nd7 19. b4 e5 20. dxe5 dxe5 21. Bd2
Nb6 22. Ne3 h5 23. Qc2 Nxb4 24. cxb4 0-1

[Event "ACUA - Final 2016 Ciegos - Copa Jorge Fr"]
[Site "Malvinas Argentinas, Buenos Ai"]
[Date "2016.12.13"]
[Round "2.1"]
[White "Montenegro, Juan Carlos"]
[Black "Ortiz, Marcos"]
[Result "1-0"]
[WhiteElo "2043"]
[BlackElo "1687"]
[PlyCount "120"]
[EventDate "2016.12.13"]

1. e4 g6 2. d4 Bg7 3. Nf3 d6 4. Bc4 Nf6 5. Nbd2 O-O 6. O-O a6 7. c3 b5 8. Bb3
Bb7 9. Re1 e5 10. dxe5 dxe5 11. Bc2 Nbd7 12. Nf1 Qe7 13. Ng3 Rad8 14. Qe2 Nc5
15. b4 Ncd7 16. Bg5 h6 17. Be3 Ng4 18. h3 Nxe3 19. Qxe3 Nb6 20. Bb3 Rd6 21.
Rad1 Rfd8 22. Nh2 Rxd1 23. Rxd1 Rxd1+ 24. Bxd1 Nc4 25. Qc1 Qd6 26. Nf3 Qe7 27.
Nh2 Nd6 28. Bc2 Qh4 29. Nf3 Qf4 30. Qe3 Qxe3 31. fxe3 h5 32. h4 Kf8 33. Kf1 Ke7
34. Ke2 f6 35. Nd2 Bc8 36. Kd3 Bh6 37. c4 bxc4+ 38. Nxc4 Nxc4 39. Kxc4 Bxe3 40.
b5 axb5+ 41. Kxb5 Bf2 42. Ne2 Bxh4 43. a4 Bd7+ 44. Kb4 Be1+ 45. Nc3 c5+ 46. Kb3
Bxc3 47. Kxc3 Kd6 48. Kc4 Kc6 49. a5 Be6+ 50. Kc3 Kb5 51. Bd3+ Kxa5 52. Bc4
Bxc4 53. Kxc4 Kb6 54. Kd5 Kb5 55. Ke6 c4 56. Kxf6 c3 57. Kxg6 c2 58. Kxh5 c1=Q
59. g4 Qh1+ 60. Kg6 Qxe4+ 1-0

[Event "ACUA - Final 2016 Ciegos - Copa Jorge Fr"]
[Site "Malvinas Argentinas, Buenos Ai"]
[Date "2016.12.13"]
[Round "2.2"]
[White "Perrone, Gabriel"]
[Black "Murolo, Antonio"]
[Result "1/2-1/2"]
[WhiteElo "1814"]
[BlackElo "1837"]
[PlyCount "97"]
[EventDate "2016.12.13"]

1. d4 Nf6 2. c4 e6 3. Nc3 Bb4 4. Qc2 c5 5. Nf3 O-O 6. Bd2 Nc6 7. e3 b6 8. Be2
Bb7 9. O-O Rc8 10. a3 Bxc3 11. Bxc3 cxd4 12. Nxd4 Nxd4 13. Bxd4 Be4 14. Bxf6
Bxc2 15. Bxd8 Rfxd8 16. Rac1 Bb3 17. Rc3 Ba4 18. b3 Bc6 19. Rfc1 Bb7 20. c5
bxc5 21. Rxc5 Rxc5 22. Rxc5 Rc8 23. Rxc8+ Bxc8 24. Kf1 Kf8 25. Ke1 Ke7 26. Kd2
Kd6 27. Kc3 Kc7 28. a4 Bb7 29. g3 d5 30. Kb4 f6 31. Kc5 e5 32. g4 g6 33. f3 g5
34. Bd3 e4 35. fxe4 dxe4 36. Bc2 Bc8 37. Bxe4 Bxg4 38. Bxh7 Be6 39. b4 f5 40.
a5 f4 41. exf4 gxf4 42. Bd3 f3 43. Bf1 f2 44. b5 Bd7 45. h4 Bg4 46. b6+ axb6+
47. axb6+ Kb7 48. Kb5 Bh5 49. Bg2+ 1/2-1/2

[Event "ACUA - Final 2016 Ciegos - Copa Jorge Fr"]
[Site "Malvinas Argentinas, Buenos Ai"]
[Date "2016.12.13"]
[Round "2.3"]
[White "Saponara, Jose Maria"]
[Black "Carballo, Jorge"]
[Result "1-0"]
[WhiteElo "2062"]
[BlackElo "1924"]
[PlyCount "55"]
[EventDate "2016.12.13"]

1. c4 Nf6 2. Nc3 d5 3. cxd5 Nxd5 4. e4 Nxc3 5. bxc3 e5 6. Nf3 Nc6 7. h3 Be6 8.
Bb5 Bd7 9. O-O Bd6 10. d4 O-O 11. Qd3 Re8 12. Rd1 a6 13. Ba4 Nb4 14. cxb4 Bxa4
15. Rd2 Bxb4 16. Rb2 Bb5 17. Qb3 Bd6 18. a4 Bd7 19. Qxb7 exd4 20. Qd5 c5 21.
Qxd6 Rxe4 22. Qxc5 Rc8 23. Qd5 Qe7 24. Bg5 Qe8 25. Bd2 Bc6 26. Qb3 Re2 27. Nxd4
Bd7 28. Nxe2 1-0

[Event "ACUA - Final 2016 Ciegos - Copa Jorge Fr"]
[Site "Malvinas Argentinas, Buenos Ai"]
[Date "2016.12.13"]
[Round "2.4"]
[White "Morelli, Daniel"]
[Black "Lopez, Jose Luis"]
[Result "0-1"]
[WhiteElo "1780"]
[BlackElo "2119"]
[PlyCount "42"]
[EventDate "2016.12.13"]

1. e4 e5 2. Nf3 Nc6 3. Bc4 Nf6 4. Ng5 d5 5. exd5 Nd4 6. Nxf7 Kxf7 7. d6+ Be6 8.
Bxe6+ Nxe6 9. dxc7 Qxc7 10. d3 Bc5 11. Be3 Bxe3 12. fxe3 Qb6 13. Qc1 Rhf8 14.
b3 Ng4 15. Rf1+ Kg8 16. Rf3 Rxf3 17. gxf3 Nxh2 18. Nc3 Rf8 19. Ne2 Rxf3 20. Ng3
Rxe3+ 21. Kd2 Rxg3 0-1

[Event "ACUA - Final 2016 Ciegos - Copa Jorge Fr"]
[Site "Malvinas Argentinas, Buenos Ai"]
[Date "2016.12.14"]
[Round "3.1"]
[White "Lopez, Jose Luis"]
[Black "Montenegro, Juan Carlos"]
[Result "1-0"]
[WhiteElo "2119"]
[BlackElo "2043"]
[PlyCount "63"]
[EventDate "2016.12.13"]

1. Nf3 Nf6 2. d4 g6 3. c4 Bg7 4. Nc3 d6 5. e4 O-O 6. Be2 Nbd7 7. O-O c5 8. d5
a6 9. a4 Re8 10. h3 Nf8 11. Bf4 Nh5 12. Bg5 Qb6 13. Qd2 f6 14. Be3 f5 15. exf5
Bxf5 16. g4 Bxg4 17. hxg4 Nf6 18. a5 Qc7 19. Ng5 e5 20. dxe6 Nxe6 21. Nd5 Nxd5
22. Qxd5 Qd7 23. Bf3 Rab8 24. Nxe6 Rxe6 25. g5 Qf7 26. Qxe6 Qxe6 27. Bd5 Qxd5
28. cxd5 Bxb2 29. Ra2 Bc3 30. Bf4 Rd8 31. Rb1 Bb4 32. Bd2 1-0

[Event "ACUA - Final 2016 Ciegos - Copa Jorge Fr"]
[Site "Malvinas Argentinas, Buenos Ai"]
[Date "2016.12.14"]
[Round "3.2"]
[White "Carballo, Jorge"]
[Black "Morelli, Daniel"]
[Result "1-0"]
[WhiteElo "1924"]
[BlackElo "1780"]
[PlyCount "24"]
[EventDate "2016.12.13"]

1. d4 Nf6 2. Nf3 g6 3. c4 Bg7 4. Nc3 d6 5. e4 c5 6. Be2 cxd4 7. Nxd4 e5 8. Nf3
O-O 9. O-O Nc6 10. Bg5 h6 11. Bxf6 Bxf6 12. Nd5 Bg7 1-0

[Event "ACUA - Final 2016 Ciegos - Copa Jorge Fr"]
[Site "Malvinas Argentinas, Buenos Ai"]
[Date "2016.12.14"]
[Round "3.3"]
[White "Murolo, Antonio"]
[Black "Saponara, Jose Maria"]
[Result "0-1"]
[WhiteElo "1837"]
[BlackElo "2062"]
[PlyCount "104"]
[EventDate "2016.12.13"]

1. d4 c5 2. c3 cxd4 3. Qxd4 Nc6 4. Qd1 Nf6 5. Bf4 e5 6. Bg5 Be7 7. e3 Ne4 8.
Bxe7 Qxe7 9. Bd3 Nf6 10. e4 O-O 11. Nf3 d5 12. Qe2 dxe4 13. Bxe4 Nxe4 14. Qxe4
f6 15. O-O Be6 16. Nbd2 Rad8 17. a3 Bd5 18. Qe2 Rfe8 19. Ne4 f5 20. Ng3 f4 21.
Ne4 h6 22. c4 Nd4 23. Nxd4 Bxe4 24. Qxe4 Rxd4 25. Qe2 Rd6 26. Rad1 Rg6 27. f3
h5 28. Rf2 h4 29. h3 Qe6 30. Qe4 Rg5 31. Qd5 Rg6 32. Qxe6+ Rgxe6 33. b4 e4 34.
fxe4 Rxe4 35. c5 R8e7 36. Kf1 Kf7 37. Rfd2 g5 38. Rd7 Re3 39. Rxe7+ Kxe7 40.
Re1 Rxe1+ 41. Kxe1 Ke6 42. Ke2 Kd5 43. Kd3 a5 44. Kd2 Kc4 45. bxa5 Kxc5 46. Ke2
Kb5 47. Kf3 Kxa5 48. Kg4 Ka4 49. Kxg5 b5 50. Kxf4 Kxa3 51. g4 hxg3 52. Kxg3 b4
0-1

[Event "ACUA - Final 2016 Ciegos - Copa Jorge Fr"]
[Site "Malvinas Argentinas, Buenos Ai"]
[Date "2016.12.14"]
[Round "3.4"]
[White "Ortiz, Marcos"]
[Black "Perrone, Gabriel"]
[Result "0-1"]
[WhiteElo "1687"]
[BlackElo "1814"]
[PlyCount "66"]
[EventDate "2016.12.13"]

1. e4 e5 2. Nf3 Nc6 3. Bc4 Nf6 4. Ng5 d5 5. exd5 Nxd5 6. Nxf7 Kxf7 7. Qf3+ Qf6
8. Bxd5+ Be6 9. Qxf6+ Kxf6 10. Bxe6 Kxe6 11. c3 Rd8 12. O-O Bc5 13. b3 Rhf8 14.
Bb2 Kf7 15. Ba3 Bxa3 16. Nxa3 Rxd2 17. Rfd1 Rfd8 18. Rxd2 Rxd2 19. Kf1 a6 20.
Nc4 Rc2 21. Re1 Rxa2 22. Nxe5+ Nxe5 23. Rxe5 Ra3 24. Rc5 Rxb3 25. Rxc7+ Kf6 26.
Rc4 b5 27. Rc6+ Ke5 28. Rxa6 Rxc3 29. Ra7 b4 30. Rxg7 h5 31. Rg5+ Ke4 32. Rxh5
Kd3 33. Rb5 Rc1# 0-1

[Event "ACUA - Final 2016 Ciegos - Copa Jorge Fr"]
[Site "Malvinas Argentinas, Buenos Ai"]
[Date "2016.12.14"]
[Round "4.1"]
[White "Montenegro, Juan Carlos"]
[Black "Perrone, Gabriel"]
[Result "1-0"]
[WhiteElo "2043"]
[BlackElo "1814"]
[PlyCount "70"]
[EventDate "2016.12.13"]

1. e4 e5 2. Nf3 Nc6 3. Bb5 a6 4. Ba4 Nf6 5. O-O Be7 6. d3 O-O 7. c3 b5 8. Bc2
d6 9. Nbd2 Re8 10. a4 Bb7 11. Re1 Bf8 12. Nf1 h6 13. Ng3 Ne7 14. h3 c5 15. axb5
axb5 16. Rxa8 Bxa8 17. d4 cxd4 18. cxd4 exd4 19. Nxd4 Qb6 20. Be3 Nc6 21. Ne6
Qa5 22. Nxf8 Rxf8 23. Nf5 Qb4 24. Bc1 Nd7 25. Re3 Qa5 26. Qg4 g6 27. Nxh6+ Kh7
28. Qxd7 Ne5 29. Qe7 Qd8 30. Qxd8 Rxd8 31. Ng4 Nxg4 32. hxg4 d5 33. exd5 Rxd5
34. b3 Rc5 35. Rh3+ Kg8 1-0

[Event "ACUA - Final 2016 Ciegos - Copa Jorge Fr"]
[Site "Malvinas Argentinas, Buenos Ai"]
[Date "2016.12.14"]
[Round "4.2"]
[White "Saponara, Jose Maria"]
[Black "Ortiz, Marcos"]
[Result "1-0"]
[WhiteElo "2062"]
[BlackElo "1687"]
[PlyCount "31"]
[EventDate "2016.12.13"]

1. e4 e5 2. Nf3 Nc6 3. d4 exd4 4. Nxd4 Nxd4 5. Qxd4 b6 6. Nc3 Bb7 7. Bf4 Nf6 8.
f3 d6 9. Bb5+ c6 10. Be2 Be7 11. g4 h6 12. O-O-O d5 13. exd5 cxd5 14. Bb5+ Nd7
15. Qxg7 Bf6 16. Rhe1+ 1-0

[Event "ACUA - Final 2016 Ciegos - Copa Jorge Fr"]
[Site "Malvinas Argentinas, Buenos Ai"]
[Date "2016.12.14"]
[Round "4.3"]
[White "Morelli, Daniel"]
[Black "Murolo, Antonio"]
[Result "0-1"]
[WhiteElo "1780"]
[BlackElo "1837"]
[PlyCount "110"]
[EventDate "2016.12.13"]

1. e4 e6 2. d4 d5 3. Nc3 Bb4 4. Bd2 c5 5. e5 cxd4 6. Nb5 Bxd2+ 7. Qxd2 Bd7 8.
Nd6+ Kf8 9. Nxb7 Qb6 10. Nd6 Qxb2 11. Qd1 Qc3+ 12. Ke2 d3+ 13. cxd3 Qxe5+ 14.
Ne4 dxe4 15. dxe4 Qxe4+ 16. Kd2 Qd4+ 17. Ke2 Qxd1+ 18. Rxd1 Bb5+ 19. Ke1 Bxf1
20. Kxf1 Nc6 21. g3 Rd8 22. Rc1 Nge7 23. Nf3 f6 24. Kg2 Kf7 25. Rhd1 Rxd1 26.
Rxd1 Rd8 27. Rb1 Rb8 28. Rd1 Ke8 29. Nh4 Rb2 30. Ra1 Nb4 31. a3 Nc2 32. Rc1
Nxa3 33. Rc7 Nc2 34. Nf3 Ne3+ 35. Kh3 N3d5 36. Rxa7 Rxf2 37. Nd4 Kf7 38. Ra6 e5
39. Nb5 Kg6 40. Nd6 Nf5 41. Nxf5 Kxf5 42. Ra4 g5 43. g4+ Kg6 44. Kg3 Rd2 45. h4
Rd3+ 46. Kf2 gxh4 47. Ra5 Nf4 48. Ra8 Rd7 49. Rg8+ Rg7 50. Rd8 Kg5 51. Kf3 h3
52. Rd3 Kh4 53. Rd6 h2 54. Rd1 Rxg4 55. Rh1 Kh3 0-1

[Event "ACUA - Final 2016 Ciegos - Copa Jorge Fr"]
[Site "Malvinas Argentinas, Buenos Ai"]
[Date "2016.12.14"]
[Round "4.4"]
[White "Lopez, Jose Luis"]
[Black "Carballo, Jorge"]
[Result "1-0"]
[WhiteElo "2119"]
[BlackElo "1924"]
[PlyCount "29"]
[EventDate "2016.12.13"]

1. d4 Nf6 2. c4 d5 3. cxd5 Nxd5 4. Nf3 Nc6 5. e4 Nb6 6. d5 Nb8 7. Nc3 e6 8.
Bb5+ Bd7 9. dxe6 fxe6 10. Bxd7+ Qxd7 11. Qb3 Be7 12. Ne5 Qd6 13. Bf4 O-O 14.
Rd1 Nd5 15. Bg3 1-0

[Event "ACUA - Final 2016 Ciegos - Copa Jorge Fr"]
[Site "Malvinas Argentinas, Buenos Ai"]
[Date "2016.12.15"]
[Round "5.1"]
[White "Carballo, Jorge"]
[Black "Montenegro, Juan Carlos"]
[Result "0-1"]
[WhiteElo "1924"]
[BlackElo "2043"]
[PlyCount "64"]
[EventDate "2016.12.13"]

1. d4 d5 2. Nf3 Nf6 3. Bf4 g6 4. e3 Bg7 5. Bd3 O-O 6. Nbd2 Nbd7 7. c3 c5 8. h4
Nh5 9. Qc2 cxd4 10. cxd4 Nxf4 11. exf4 Nf6 12. Ne5 e6 13. Ndf3 Bd7 14. Nxd7
Nxd7 15. Ng5 Rc8 16. Qe2 Qa5+ 17. Qd2 Qxd2+ 18. Kxd2 Bxd4 19. f3 h6 20. Nh3 Nc5
21. Be2 Bxb2 22. Rab1 Na4 23. Bd1 Bc3+ 24. Ke2 Nc5 25. Nf2 Rfe8 26. g4 e5 27.
f5 e4 28. f4 e3 29. Nh3 Ne4 30. Rg1 d4 31. Kd3 Nf2+ 32. Nxf2 exf2 0-1

[Event "ACUA - Final 2016 Ciegos - Copa Jorge Fr"]
[Site "Malvinas Argentinas, Buenos Ai"]
[Date "2016.12.15"]
[Round "5.3"]
[White "Ortiz, Marcos"]
[Black "Morelli, Daniel"]
[Result "0-1"]
[WhiteElo "1687"]
[BlackElo "1780"]
[PlyCount "122"]
[EventDate "2016.12.13"]

1. e4 d5 2. exd5 Qxd5 3. Nc3 Qa5 4. d4 c6 5. Nf3 Nf6 6. Be2 Qc7 7. O-O Bg4 8.
Be3 e6 9. Re1 Bd6 10. g3 O-O 11. a3 Nbd7 12. Qd2 a6 13. Bf4 Bxf4 14. Qxf4 Qxf4
15. gxf4 Nd5 16. Nxd5 cxd5 17. Ne5 Nxe5 18. fxe5 Bxe2 19. Rxe2 Rac8 20. Rd1 h6
21. c3 b5 22. Kh1 a5 23. Re3 b4 24. cxb4 axb4 25. a4 Rc2 26. Rb3 Rb8 27. Kg1 f6
28. exf6 gxf6 29. Rg3+ Kf7 30. b3 Rc3 31. Rdd3 Rg8 32. Rxg8 Kxg8 33. Rg3+ Kf7
34. Kg2 Ke7 35. a5 Rc6 36. Rg7+ Kd8 37. Rb7 Ra6 38. Rb8+ Kc7 39. Rh8 Rxa5 40.
Rxh6 e5 41. dxe5 fxe5 42. Kf1 Ra3 43. Rh3 e4 44. Re3 Kd6 45. h4 Ke5 46. h5 d4
47. Rg3 Ra8 48. h6 d3 49. Ke1 Rh8 50. Rh3 Kd4 51. Rh4 Kc3 52. Rxe4 Rxh6 53. f3
Kxb3 54. Kd2 Rd6 55. Re3 Kc4 56. Re4+ Rd4 57. Rxd4+ Kxd4 58. f4 b3 59. f5 b2
60. f6 b1=Q 61. f7 Qb8 0-1

[Event "ACUA - Final 2016 Ciegos - Copa Jorge Fr"]
[Site "Malvinas Argentinas, Buenos Ai"]
[Date "2016.12.15"]
[Round "5.4"]
[White "Perrone, Gabriel"]
[Black "Saponara, Jose Maria"]
[Result "0-1"]
[WhiteElo "1814"]
[BlackElo "2062"]
[PlyCount "112"]
[EventDate "2016.12.13"]

1. d4 Nf6 2. c4 e6 3. Nc3 d5 4. Nf3 c6 5. Bg5 Be7 6. e3 Nbd7 7. Bd3 dxc4 8.
Bxc4 b5 9. Bb3 h6 10. Bh4 a6 11. O-O Bb7 12. Re1 c5 13. dxc5 Nxc5 14. Bc2 Qxd1
15. Bxd1 Nd3 16. Re2 Bxf3 17. gxf3 Ne5 18. Rd2 Rd8 19. Rxd8+ Kxd8 20. Be2 Kd7
21. Rd1+ Kc6 22. Rc1 Kb7 23. f4 Nc6 24. Bf3 Rc8 25. Bxf6 Bxf6 26. b3 Kb6 27. a4
Ne7 28. Na2 Rxc1+ 29. Nxc1 bxa4 30. bxa4 Ka5 31. Bb7 Nd5 32. Nb3+ Kb6 33. Bxd5
exd5 34. Kf1 Bc3 35. Ke2 a5 36. Kd3 Bb4 37. e4 dxe4+ 38. Kxe4 Kc6 39. f5 Kd6
40. f3 Ke7 41. h4 h5 42. Nd4 Be1 43. Nb3 Kf6 44. f4 Bxh4 45. Nxa5 Be1 46. Nc4
h4 47. Ne5 h3 48. Nf3 Bg3 49. a5 h2 50. Nxh2 Bxh2 51. a6 Bg1 52. Kf3 Kxf5 53.
Kg3 Ba7 54. Kf3 g6 55. Kg3 Ke4 56. Kg4 f6 0-1

[Event "ACUA - Final 2016 Ciegos - Copa Jorge Fr"]
[Site "Malvinas Argentinas, Buenos Ai"]
[Date "2016.12.15"]
[Round "6.1"]
[White "Montenegro, Juan Carlos"]
[Black "Saponara, Jose Maria"]
[Result "0-1"]
[WhiteElo "2043"]
[BlackElo "2062"]
[PlyCount "50"]
[EventDate "2016.12.13"]

1. d4 Nf6 2. c4 e6 3. Nf3 d5 4. e3 Nbd7 5. Nc3 c6 6. a3 Be7 7. Bd3 Qc7 8. Qc2
e5 9. dxe5 Nxe5 10. Nxe5 Qxe5 11. f4 Qc7 12. cxd5 cxd5 13. O-O a6 14. Bd2 Bd7
15. Rac1 Rc8 16. Qb3 Bc6 17. Na4 b5 18. Nc3 O-O 19. Ne2 Qd7 20. Nd4 Ne4 21.
Bxe4 dxe4 22. Rfd1 Bd5 23. Rxc8 Rxc8 24. Qc2 Rxc2 25. Nxc2 Bb3 0-1

[Event "ACUA - Final 2016 Ciegos - Copa Jorge Fr"]
[Site "Malvinas Argentinas, Buenos Ai"]
[Date "2016.12.15"]
[Round "6.2"]
[White "Morelli, Daniel"]
[Black "Perrone, Gabriel"]
[Result "1-0"]
[WhiteElo "1780"]
[BlackElo "1814"]
[PlyCount "99"]
[EventDate "2016.12.13"]

1. e4 e5 2. Nf3 Nc6 3. Bc4 h6 4. d3 Nf6 5. O-O Be7 6. c3 O-O 7. Nbd2 a6 8. Bb3
d6 9. Re1 Na5 10. Bc2 c5 11. Nf1 Nc6 12. h3 Re8 13. Ng3 Be6 14. Be3 d5 15. exd5
Nxd5 16. Qd2 Nxe3 17. Qxe3 Qc7 18. Nxe5 Nxe5 19. Qxe5 Qxe5 20. Rxe5 Bd6 21. Re3
Bd7 22. Ne4 Bf8 23. Rae1 Re6 24. Rg3 Rae8 25. Ree3 b6 26. Bb3 Rc6 27. Bd5 Rxe4
28. Bxe4 Re6 29. Rgf3 g6 30. Bd5 Rxe3 31. Bxf7+ Kg7 32. fxe3 Bf5 33. e4 Bd7 34.
Bd5 Be8 35. d4 cxd4 36. cxd4 a5 37. Rb3 b5 38. a3 b4 39. axb4 axb4 40. Kf2 Bf7
41. Bxf7 Kxf7 42. Rf3+ Ke7 43. e5 Bg7 44. Ke3 g5 45. g4 Ke8 46. Ke4 Bf8 47. d5
Bg7 48. Rb3 Bf8 49. d6 Kd8 50. Rxb4 1-0

[Event "ACUA - Final 2016 Ciegos - Copa Jorge Fr"]
[Site "Malvinas Argentinas, Buenos Ai"]
[Date "2016.12.15"]
[Round "6.3"]
[White "Lopez, Jose Luis"]
[Black "Ortiz, Marcos"]
[Result "1-0"]
[WhiteElo "2119"]
[BlackElo "1687"]
[PlyCount "92"]
[EventDate "2016.12.13"]

1. e4 e5 2. Nf3 Nc6 3. Bb5 a6 4. Ba4 Nf6 5. O-O Be7 6. Re1 d6 7. d4 O-O 8. Bxc6
bxc6 9. dxe5 dxe5 10. Qxd8 Rxd8 11. Nxe5 Bb7 12. Nc3 Re8 13. f3 Bc5+ 14. Kf1
Rxe5 15. f4 Ree8 16. e5 Ng4 17. h3 Nh6 18. Ne4 Bb6 19. g4 Bc8 20. c4 f5 21.
exf6 Rf8 22. f5 gxf6 23. Bxh6 Rf7 24. Rad1 Bb7 25. Rd7 c5 26. Rxf7 Kxf7 27. Nc3
Re8 28. Rxe8 Kxe8 29. Na4 Ba7 30. Be3 Be4 31. Bxc5 Bxc5 32. Nxc5 Bb1 33. Nxa6
Bxa2 34. Nxc7+ Kd7 35. Ne6 Bxc4+ 36. Kf2 Bxe6 37. fxe6+ Kxe6 38. Ke3 f5 39. Kf4
fxg4 40. hxg4 Kf6 41. b4 Ke6 42. Kg5 Kf7 43. Kh6 Ke6 44. Kxh7 Kd5 45. g5 Kc4
46. g6 Kxb4 1-0

[Event "ACUA - Final 2016 Ciegos - Copa Jorge Fr"]
[Site "Malvinas Argentinas, Buenos Ai"]
[Date "2016.12.16"]
[Round "7.2"]
[White "Ortiz, Marcos"]
[Black "Carballo, Jorge"]
[Result "0-1"]
[WhiteElo "1687"]
[BlackElo "1924"]
[PlyCount "60"]
[EventDate "2016.12.13"]

1. e4 e5 2. Nf3 Nc6 3. Bc4 Be7 4. c3 Nf6 5. d3 d6 6. h3 O-O 7. O-O Bd7 8. Nbd2
h6 9. Re1 Re8 10. Nf1 a6 11. Bb3 Nh7 12. Ng3 Bg5 13. Be3 Bxe3 14. Rxe3 Ng5 15.
Nxg5 Qxg5 16. d4 Na5 17. dxe5 Qxe5 18. Bc2 Nc4 19. Re1 Nxb2 20. Qb1 Qxc3 21.
Ne2 Qf6 22. a3 Bc6 23. Ra2 Nc4 24. Qb4 Ne5 25. Ba4 Nd3 26. Qd2 Qxf2+ 27. Kh2
Qxe1 28. Qxe1 Nxe1 29. Ra1 Bxa4 30. Rxe1 Rxe4 0-1

[Event "ACUA - Final 2016 Ciegos - Copa Jorge Fr"]
[Site "Malvinas Argentinas, Buenos Ai"]
[Date "2016.12.16"]
[Round "7.3"]
[White "Perrone, Gabriel"]
[Black "Lopez, Jose Luis"]
[Result "1/2-1/2"]
[WhiteElo "1814"]
[BlackElo "2119"]
[PlyCount "53"]
[EventDate "2016.12.13"]

1. c4 c5 2. Nf3 Nf6 3. d4 cxd4 4. Nxd4 e5 5. Nf3 Nc6 6. Nc3 Bb4 7. Qc2 O-O 8.
e3 d5 9. cxd5 Nxd5 10. Bd2 Be6 11. Be2 Rc8 12. O-O h6 13. Rac1 Nf6 14. Qd1 Qe7
15. a3 Bd6 16. Bb5 Bg4 17. Be2 e4 18. Nd4 Qe5 19. g3 Bh3 20. Re1 h5 21. Bf1
Bxf1 22. Rxf1 Nxd4 23. exd4 Qxd4 24. Be3 Qxd1 25. Rfxd1 Bc5 26. Bg5 Be7 27.
Nxe4 1/2-1/2

[Event "ACUA - Final 2016 Ciegos - Copa Jorge Fr"]
[Site "Malvinas Argentinas, Buenos Ai"]
[Date "2016.12.16"]
[Round "7.4"]
[White "Saponara, Jose Maria"]
[Black "Morelli, Daniel"]
[Result "1-0"]
[WhiteElo "2062"]
[BlackElo "1780"]
[PlyCount "102"]
[EventDate "2016.12.13"]

1. e4 e5 2. Nf3 Nc6 3. d4 exd4 4. Nxd4 Bc5 5. Be3 d6 6. Nxc6 bxc6 7. Bxc5 dxc5
8. Qxd8+ Kxd8 9. Bc4 f6 10. Nc3 Ne7 11. Na4 Ng6 12. O-O-O+ Ke7 13. Nxc5 Ne5 14.
Be2 Nd7 15. Nb3 a5 16. Nd4 Ne5 17. f4 c5 18. fxe5 cxd4 19. exf6+ Kxf6 20. Rxd4
Be6 21. a3 Ke5 22. Rhd1 Rhf8 23. R4d2 Rf2 24. Bf3 Rxd2 25. Rxd2 g5 26. h3 Kf4
27. Rd3 Rh8 28. g4 h5 29. gxh5 Bxh3 30. Bd1 Bg4 31. Bxg4 Kxg4 32. Rd7 c6 33.
Rd6 Kxh5 34. Rxc6 g4 35. Rc5+ Kh4 36. Rxa5 g3 37. Ra7 g2 38. Rg7 Kh3 39. b4 Kh2
40. a4 g1=Q+ 41. Rxg1 Kxg1 42. Kb2 Rh4 43. a5 Rxe4 44. Kb3 Kf2 45. b5 Ke3 46.
a6 Kd4 47. a7 Re8 48. b6 Re7 49. a8=Q Re3+ 50. c3+ Rxc3+ 51. Kb2 Rc5 1-0